| 000 | 00959nmm a2200277 a 4500 | ||
|---|---|---|---|
| 001 | ocm0001256734 | ||
| 003 | TR-IsHL | ||
| 005 | 20201028160305.0 | ||
| 008 | 150709s2013 tu tur | ||
| 007 | cr cn | ||
| 035 |
_a1256734 _b(N$T) |
||
| 050 | 0 | 4 |
_aBP189 _b.M84 2013 |
| 090 | 0 | 4 |
_aBP189 _b.M84 2013 |
| 100 | 1 | _aMuhyiddin İbn-i Arabi | |
| 245 | 1 | 0 |
_aArzuların tercümanı = _bTercümanü'l-eşvak _h[electronic resource] / _cMuhyiddin İbn-i Arabi ; çeviren Mahmut Kanık |
| 250 | _a4. basım | ||
| 260 |
_aİstanbul : _bİz Yayıncılık, _c2013 |
||
| 300 | _a127 p. | ||
| 650 | 4 | _aFelsefe, Psikoloji ve Din | |
| 650 | 4 | _aPhilosophy, Psychology and Religion | |
| 650 | 0 |
_aİslam _x1800'den önceki yapıtlar |
|
| 650 | 0 |
_aIslam, _xEarly works to 1800 |
|
| 650 | 7 |
_aRELIGION / Islam / Sufi _2bisacsh |
|
| 700 | 1 | _aKanık, Mahmut | |
| 856 | 4 | 0 | _uhttp://search.ebscohost.com/login.aspx?direct=true&scope=site&db=e011xww&AN=1256734 |
| 999 |
_c13525 _d13525 |
||